000 00559 a2200181 4500
999 _c6006
_d6006
020 _a9788127257538
050 _aS411 GUP 2009
100 _aGupta, P. C.
_eauthor
245 _aDictionary of agriculture /
_cP. C. Gupta, Birjesh Kumar and Prakash Kumar
264 _aNew Delhi :
_b Kalyani Publications,
_c2009.
300 _a241p. :
_bill.
500 _aDictionary - Textbooks
650 _aAgriculture
_xDictionaries
650 _aAgriculture
_xTextbooks
700 _aKumar, Birjesh
700 _aKumar, Prakash
_eauthor
942 _2lcc
_cBK
_h411
_iGUP
_kS